• 首页
  • 本馆介绍
  • 公告通知
  • 最新文献
  • 馆藏检索
  • 电子资源
  • 读者导购
  • 参考咨询
  • 我的图书馆
  • 登录
  • 详细信息显示
  • 放入我的书架
  • 预约/预借图书
  • 作者相关作品
  • 分类相关作品
  • 丛书相关作品
  • 出版社相关作品

书目信息

  • 表格格式
  • 工作单格式
  • 卡片格式
题名:
高等画法几何学
    
 
作者: 朱辉 , 张士良 , 徐昌炎 , 钱可强 编著
分册:  
出版信息: 上海   上海科学技术出版社  1985
页数: 495页
开本: 26cm
丛书名:
单 册:
中图分类: O185.2
科图分类:
主题词: 画法几何--高等学校--教学参考资料
电子资源:
ISBN:
000 00783nam0 2200277 45
001 0185009599
005 20040908085017.5
010    @dCNY5.75
091    @a15119.2379
100    @a19900904d1985 em y0chiy0121 ea
101 0  @achi
102    @aCN@b310000
105    @af z 000yy
106    @ar
200 10 @a高等画法几何学@Agao deng hua fa ji he xue@f朱辉等编著
210    @a上海@c上海科学技术出版社@d1985
215    @a495页@c图@d26cm
606    @a画法几何@x高等学校@x教学参考资料
690    @aO185.2@v3
701  0 @a朱辉@Azhu hui@4编著
701  0 @a张士良@Azhang shi liang@4编著
701  0 @a徐昌炎@Axu chang yan@4编著
701  0 @a钱可强@Aqian ke qiang@4编著
801  0 @aCN@b深圳图书馆@c20040524
801  2 @aCN@bNLC@c20040524
905    @dO185.2@e12@f1@b140839
    
    高等画法几何学/朱辉等编著.-上海:上海科学技术出版社,1985
    495页:图;26cm
    
    
    ISBN :CNY5.75
    
●
相关链接 在E读中查询图书 在五车中查询图书 在当当中查询图书 在豆瓣中查询图书


正题名:高等画法几何学     索取号:O185.2/12         预约/预借

序号 登录号 条形码 馆藏地/架位号 状态 备注
1 0140839   001949182   密集书库/ [索取号:O185.2/12] 在馆    
2 0140840   000397305   第三借阅区/ [索取号:O185.2/12] 在馆    
3 0140841   202094777   第二样本阅览室/ [索取号:O185.2/12] 在馆    
唐山师范学院图书馆 欢迎您!
大连网信软件有限公司© 版权所有